| 000 | 00598nam a2200169Ia 4500 | ||
|---|---|---|---|
| 008 | 220216s9999 xx 000 0 und d | ||
| 100 | _aJacob J | ||
| 245 | 0 | _aClimate warming in the plantation belt of Kerala and its impact on natural rubber productivity | |
| 260 | _bProceedings of Kerala Environment Congress 2012, 16-18 August 2012, Centre for Environment and Development, Thiruvananthapuram. pp 99-108. | ||
| 500 | _aSource Year: 2012 | ||
| 650 | _aClimate change | ||
| 650 | _aGlobal warming | ||
| 650 | _aKerala | ||
| 650 | _aPlantation belt | ||
| 700 | _aSatheesh P R | ||
| 942 | _cJS | ||
| 999 |
_c55702 _d55702 |
||